Name the 1980s TV Shows from Images 2 - Statistics

General Stats
  • This quiz has been taken 23 times
  • The average score is 7 of 16
Answer Stats
Picture Answer % Correct
The Incredible Hulk
90%
Knight Rider
75%
Murder, She Wrote
75%
LA Law
60%
Quantum Leap
60%
Punky Brewster
55%
Silver Spoons
40%
The Facts of Life
40%
Fame
35%
Growing Pains
35%
Airwolf
30%
227
25%
Buck Rogers
20%
China Beach
15%
Santa Barbara
15%
Street Hawk
5%
No matching quizzes found
Score Distribution
Percent of People with Each Score
Percentile by Number Answered
Your Score History
You have not taken this quiz